000 00627nam a2200229 a 4500
999 _c5634
_d5634
001 5634
003 BD-JhCC
005 20180301200151.0
008 171219s1977 e |||| || | 000 0 eng d
035 _a(BD-JhCC)5634
040 _aBD-JhCC
_dBD-JhCC
041 _aeng
082 _a301.3608
_bRIS 1977
245 _aThe Rise of the Sunbelt Cities /
_cDavid C. Perry and Alfred J. Watkins
260 _aLondon :
_bSAGE Publications,
_c1977.
300 _a309 p. :
_c22 cm.
650 _aCities and Towns
_zUnited States
700 _aWatkins, Alfred J.
700 _aPerry, David C.
942 _2ddc
_cBK